| 000 | 00801cab a2200241 4500 | ||
|---|---|---|---|
| 001 | WB3236-09 | ||
| 008 | 090401t1996 xxu||||| |||| 00| 0 eng d | ||
| 035 | _a(Sirsi) u7876 | ||
| 041 | _aeng | ||
| 245 | _aBusiness parks steal city centres` glory | ||
| 260 | _c1996 | ||
| 350 | _a0 | ||
| 490 |
_aProperty Review _v56 (13) 27 September 1996, 13(1) |
||
| 520 | _aRevived enthusiasm for business parks has helped them out perform city centre offices according to a report by Strutt & Parker and the Investment Property Databank. | ||
| 650 | _aBUSINESS PARKS | ||
| 650 | _aCITY CENTRES | ||
| 650 | _aINVESTMENT MARKET | ||
| 650 | _aOFFICE PARKS | ||
| 650 | _aRETURNS | ||
| 690 | _aPROPERTY-COMMERCIAL PROPERTY-COMMERCIAL PROPERTY FINANCE AND INVESTMENT | ||
| 942 | _n0 | ||
| 948 | _c04/03/1997 | ||
| 999 |
_c4795 _d4795 |
||